Jaká je produktivita v našich a "západních" průmyslových podnicích?

Dosahovaná úroveň efektívnosti a produktivity (výška tržieb na 1 zamestnanca) v bývalej ČSFR v porovnaní s vyspelými európskymi krajinami a s USA. Faktické údaje z najväčších podnikov USA. Porovnanie dvojíc podnikov, z ktorého vyplýva, že rozdiely v produktivite a efektívnosti medzi čs. podnikmi a p...

Ausführliche Beschreibung

Gespeichert in:
Bibliographische Detailangaben
1. Verfasser: Štrup, I.
Format: Buchkapitel
Sprache:Tschechisch
Schlagworte:
Tags: Tag hinzufügen
Keine Tags, Fügen Sie das erste Tag hinzu!

MARC

LEADER 00000naa a2200000 4500
001 r012711
005 20220826094649.7
041 0 |a cze 
044 |a CZ 
245 1 0 |a Jaká je produktivita v našich a "západních" průmyslových podnicích?  |c I. Štrup 
520 |a Dosahovaná úroveň efektívnosti a produktivity (výška tržieb na 1 zamestnanca) v bývalej ČSFR v porovnaní s vyspelými európskymi krajinami a s USA. Faktické údaje z najväčších podnikov USA. Porovnanie dvojíc podnikov, z ktorého vyplýva, že rozdiely v produktivite a efektívnosti medzi čs. podnikmi a podnikmi z priemyselne vyspelých krajín sa pohybujú v ráde stoviek percent. 
610 2 0 |a podnik 
610 2 0 |a ČSFR 
610 2 0 |a svet 
610 2 0 |a produktívnosť 
610 2 0 |a efektívnosť 
610 2 0 |a porovnanie medzipodnikové 
610 2 0 |a západná Európa 
610 2 0 |a USA 
100 1 |a Štrup, I.